[Event "Wuerttemberg-chT Rapid"]
[Site "Boeblingen"]
[Date "2024.04.13"]
[Round "1.3"]
[White "Hadziselimovic, Adnan"]
[Black "Kocharin, Timur"]
[Result "0-1"]
[WhiteElo "2053"]
[BlackElo "2250"]
[PlyCount "86"]
[EventDate "2024.04.13"]
[EventType "team-tourn"]
[EventRounds "9"]
[EventCountry "GER"]
[SourceTitle "CB17_2024"]
[SourceDate "2024.04.24"]
[SourceVersion "1"]
[SourceVersionDate "2024.04.24"]
[SourceQuality "1"]

1. c4 c5 2. g3 Nf6 3. Bg2 d5 4. cxd5 Nxd5 5. Nc3 Nc7 6. Nf3 Nc6 7. 0-0 e5 8. d3 Be7 9. Be3 0-0 10. Rc1 Ne6 11. Qc2 Bd7 12. Ne4 b6 13. Ned2 Rc8 14. Nc4 f6 15. Rfd1 Kh8 16. Kf1 Ned4 17. Bxd4 exd4 18. Nfd2 Be6 19. Re1 b5 20. Na3 Nb4 21. Qd1 Qd7 22. Ne4 f5 23. Nd2 Nxa2 24. Ra1 Nb4 25. Nc2 Nd5 26. Nf3 Bf6 27. Qc1 Nb6 28. e3 dxe3 29. Qxe3 Bb3 30. Na3 Bxb2 31. Rab1 Bxa3 32. Rxb3 Rce8 33. Qd2 Bb4 34. Rxb4 cxb4 35. Qxb4 Qxd3+ 36. Kg1 Qc4 37. Qd6 Rxe1+ 38. Nxe1 Re8 39. Bf1 Qe6 40. Qxe6 Rxe6 41. Nd3 a5 42. Nf4 Re1 43. Kg2 b4 0-1

[Event "Wuerttemberg-ch KT"]
[Site "Tuebingen"]
[Date "2007.09.01"]
[Round "8"]
[White "Hadziselimovic, Adnan"]
[Black "Haist, Winfried"]
[Result "1-0"]
[WhiteElo "1687"]
[BlackElo "2139"]
[PlyCount "49"]
[EventDate "2007.08.25"]
[EventType "swiss"]
[EventRounds "9"]
[EventCountry "GER"]
[SourceTitle "CBM 120 Extra"]
[Source "ChessBase"]
[SourceDate "2007.11.01"]
[SourceVersion "1"]
[SourceVersionDate "2007.11.01"]
[SourceQuality "1"]

1. d4 Nf6 2. Nf3 c5 3. e3 e6 4. Bd3 b6 5. c3 Bb7 6. Nbd2 d5 7. 0-0 Nbd7 8. Qe2 Ne4 9. Ne5 Nxe5 10. dxe5 a6 11. f3 Nxd2 12. Bxd2 f5 13. exf6 Qxf6 14. e4 d4 15. e5 Qh4 16. f4 dxc3 17. Bxc3 Be7 18. f5 0-0 19. f6 Bd8 20. g3 Qh6 21. Rf4 g5 22. Rg4 Kh8 23. Bd2 Rg8 24. h4 b5 25. Rxg5 1-0

[Event "Wuerttemberg-ch KT"]
[Site "Tuebingen"]
[Date "2007.08.28"]
[Round "4"]
[White "Sand, Rolf"]
[Black "Hadziselimovic, Adnan"]
[Result "1-0"]
[WhiteElo "2108"]
[BlackElo "1687"]
[PlyCount "73"]
[EventDate "2007.08.25"]
[EventType "swiss"]
[EventRounds "9"]
[EventCountry "GER"]
[SourceTitle "CBM 120 Extra"]
[Source "ChessBase"]
[SourceDate "2007.11.01"]
[SourceVersion "1"]
[SourceVersionDate "2007.11.01"]
[SourceQuality "1"]

1. e4 d5 2. exd5 Qxd5 3. Nc3 Qa5 4. d4 Nf6 5. Bc4 Bf5 6. Bd2 c6 7. Qe2 e6 8. d5 cxd5 9. Nxd5 Qd8 10. Nxf6+ gxf6 11. 0-0-0 Qc7 12. Bc3 Be7 13. Nf3 Nc6 14. Nd4 Nxd4 15. Rxd4 a6 16. g4 Bg6 17. Rhd1 Rd8 18. Rxd8+ Bxd8 19. h4 Qf4+ 20. Kb1 e5 21. Rd4 Qh2 22. h5 Qh1+ 23. Rd1 Qc6 24. hxg6 hxg6 25. f4 Rh1 26. Be1 Ba5 27. Bxa5 Qxc4 28. Qd2 Rxd1+ 29. Qxd1 Kf8 30. fxe5 fxe5 31. g5 e4 32. Bd8 b5 33. Bf6 Qc8 34. Be5 a5 35. Bf6 Ke8 36. b3 a4 37. Qe2 1-0

[Event "Wuerttemberg-ch KT"]
[Site "Tuebingen"]
[Date "2007.08.26"]
[Round "2"]
[White "Hadziselimovic, Adnan"]
[Black "Huhn, Stefan"]
[Result "1/2-1/2"]
[WhiteElo "1687"]
[BlackElo "2075"]
[PlyCount "62"]
[EventDate "2007.08.25"]
[EventType "swiss"]
[EventRounds "9"]
[EventCountry "GER"]
[SourceTitle "CBM 120 Extra"]
[Source "ChessBase"]
[SourceDate "2007.11.01"]
[SourceVersion "1"]
[SourceVersionDate "2007.11.01"]
[SourceQuality "1"]

1. d4 c5 2. e3 cxd4 3. exd4 d5 4. Bd3 Nf6 5. Nf3 Bg4 6. Nbd2 Nc6 7. c3 e6 8. Qb3 Qc7 9. 0-0 Bd6 10. h3 Bh5 11. Re1 0-0 12. Kh1 Rac8 13. a3 a6 14. Nh4 Rfe8 15. g4 Bxg4 16. hxg4 Nxg4 17. Re2 Nxf2+ 18. Rxf2 Bg3 19. Rg2 Bxh4 20. Nf3 Bf6 21. Bg5 Bxg5 22. Nxg5 h6 23. Nf3 f5 24. Rag1 Re7 25. Bxf5 exf5 26. Qxd5+ Kh8 27. Qxf5 Rf7 28. Qh3 Qd7 29. Qg3 Qc7 30. Qh3 Qd7 31. Qg3 Qc7 1/2-1/2

[Event "Stuttgart-chB int"]
[Site "Ditzingen"]
[Date "2006.05.28"]
[Round "7"]
[White "Hadziselimovic, Adnan"]
[Black "Bauer, Dieter"]
[Result "1-0"]
[WhiteElo "1651"]
[BlackElo "1871"]
[PlyCount "119"]
[EventDate "2006.05.25"]
[EventType "swiss"]
[EventRounds "7"]
[EventCountry "GER"]
[SourceTitle "EXT 2018"]
[Source "ChessBase"]
[SourceDate "2017.10.13"]
[SourceVersion "1"]
[SourceVersionDate "2017.10.13"]
[SourceQuality "1"]

1. d4 Nf6 2. Nf3 e6 3. Nbd2 c5 4. c3 d5 5. e3 Bd6 6. Bd3 Nc6 7. 0-0 cxd4 8. exd4 Qc7 9. Re1 Bd7 10. a4 0-0 11. Nf1 h6 12. Ng3 Rac8 13. Bd2 Qb8 14. Bc2 Rfd8 15. Qc1 Bf8 16. Bf4 Qa8 17. Ne5 Be8 18. Qd2 Na5 19. Qd3 g6 20. Qe2 Nc4 21. Nxc4 Rxc4 22. Qf3 Nd7 23. Nf1 Bg7 24. Ne3 Rc6 25. Ng4 h5 26. Ne5 Nxe5 27. Bxe5 Qc8 28. Bxg7 Kxg7 29. Re2 Ra6 30. Qg3 Qb8 31. Qg5 Qd6 32. h4 f6 33. Qe3 Bd7 34. b4 Rc6 35. b5 Rcc8 36. Qd3 f5 37. Re3 Qc7 38. Bb3 b6 39. Rae1 Qd6 40. c4 dxc4 41. Bxc4 Re8 42. Qb3 Kf6 43. Rd1 Qf4 44. g3 Qc7 45. Rc1 Qd6 46. Rd1 Qc7 47. Rc3 Qd6 48. Rc2 Kg7 49. Qe3 Qb4 50. Bb3 Rxc2 51. Bxc2 Qd6 52. Bd3 Rc8 53. Be2 Qc7 54. Bf3 Qc2 55. Qe5+ Kf7 56. d5 Rc3 57. dxe6+ Bxe6 58. Rd6 Qb3 59. Rd7+ Bxd7 60. Bd5+ 1-0

[Event "Stuttgart-chB int"]
[Site "Ditzingen"]
[Date "2006.05.27"]
[Round "6"]
[White "Zimmermann, Tobias"]
[Black "Hadziselimovic, Adnan"]
[Result "0-1"]
[WhiteElo "1479"]
[BlackElo "1651"]
[PlyCount "98"]
[EventDate "2006.05.25"]
[EventType "swiss"]
[EventRounds "7"]
[EventCountry "GER"]
[SourceTitle "EXT 2018"]
[Source "ChessBase"]
[SourceDate "2017.10.13"]
[SourceVersion "1"]
[SourceVersionDate "2017.10.13"]
[SourceQuality "1"]

1. e4 d5 2. exd5 Qxd5 3. Nc3 Qa5 4. d4 Nf6 5. Bd2 c6 6. Be2 Bf5 7. Nf3 Qc7 8. 0-0 e6 9. Re1 Be7 10. Bf1 0-0 11. Nh4 Bg4 12. Be2 Bxe2 13. Qxe2 Nd5 14. Nxd5 cxd5 15. Nf5 Bf6 16. Nh6+ gxh6 17. Qg4+ Kh8 18. Bxh6 Rg8 19. Qf3 Bg5 20. Bxg5 Rxg5 21. Qf6+ Rg7 22. Re3 Nc6 23. Rg3 Rag8 24. Rf1 Qe7 25. Qf4 Rxg3 26. fxg3 f5 27. Re1 Rg4 28. Qh6 Re4 29. Rxe4 fxe4 30. Qf4 Kg7 31. Qg4+ Kf7 32. Qf4+ Ke8 33. c3 e5 34. dxe5 Qxe5 35. Qg4 Kd8 36. Qg8+ Kc7 37. Qxh7+ Kb6 38. Qh6 e3 39. Qf4 Qe6 40. Kf1 e2+ 41. Ke1 d4 42. cxd4 Qxa2 43. Qd2 Qc4 44. Qxe2 Qc1+ 45. Kf2 Nxd4 46. Qd3 Qxb2+ 47. Ke3 Nc2+ 48. Ke4 Qb4+ 49. Kf3 Ne1+ 0-1